Beginning and Ending Countries Quiz Stats

Quiz Updated Dec 6, 2017

Also try: Country Doubles
Challenge
Share
Tweet
Embed
Score 0/38 Timer 06:00
69 Plays Today
Begins with Country % Correct
IIraq
84%
YYemen
82.4%
DDenmark
79.1%
ZZimbabwe
78%
LLaos
70.7%
IIran
70.4%
VVietnam
67.7%
TTurkey
62.9%
NNiger
62.3%
UUnited Kingdom
60.2%
LLesotho
58.9%
CChad
57.3%
NNepal
56.8%
NNorway
56.4%
KKosovo
56.4%
KKuwait
56.3%
DDjibouti
54.7%
BBelize
54.7%
IIsrael
53.8%
Begins with Country % Correct
EEgypt
50.3%
TThailand
49.8%
BBelgium
49.6%
GGabon
48.8%
VVatican City
48.3%
NNetherlands
48.2%
CCameroon
46.1%
UUkraine
45.9%
BBrazil
45%
GGreece
41.6%
LLuxembourg
41%
BBangladesh
40.1%
PPakistan
39.9%
NNew Zealand
37.8%
PPhilippines
37%
GGuinea-Bissau
35.6%
DDemocratic Republic of Congo
32.5%
BBurkina Faso
26.7%
RRepublic of Congo
24.1%

You're not logged in!

Compare scores with friends on all Sporcle quizzes.
Sign Up with Email
OR
Log In

You Might Also Like...

Show Comments

Extras

Top Quizzes Today


Score Distribution

Your Account Isn't Verified!

In order to create a playlist on Sporcle, you need to verify the email address you used during registration. Go to your Sporcle Settings to finish the process.